Bibliografía sobre partidos políticos en Centroamérica

Guardat en:
Dades bibliogràfiques
Autor principal: Arriaga, Jorge
Autor corporatiu: CSUCA
Format: Text
Publicat: San José: CSUCA
Etiquetes: Afegir etiqueta
Sense etiquetes, Sigues el primer a etiquetar aquest registre!

MARC

LEADER 00000 a a2200000 04500
001 20807
003
040
090 |a 088900  
100 |a Arriaga, Jorge  
110 |a CSUCA  
245 |a Bibliografía sobre partidos políticos en Centroamérica  
260 |a San José:   |b CSUCA  
300 |a 51 p.  
999 |c 5278  |d 5278